00572cam a2200169 a 450000100100000000500170001000800410002704000230006808200170009110000350010824500380014326001070018130000270028865000240031565000260033965000370036500000987120200929161736.0821007s1971 es a 001 p spa  aDO-SdBNPcDLCdDLC a861.6bS256e1 aSaúl, Benjamín,d1924-198013aEl escultor /cBenjamín Saúl. aEl Salvador :bMinisterio de Educación, Dirección de Cultura, Dirección de Publicaciones,c1971. a76 p. :bil. ;c21 cm. 4aPoesía española 4aLiteratura española 4aPoesía españolaxColecciones